| 000 | 00341nam a22001337a 4500 | ||
|---|---|---|---|
| 020 | _qPB. | ||
| 040 | _cFIZZA ISHAQ | ||
| 082 |
_a620.136 _bNVN |
||
| 100 |
_aNAYAK,V.N. _991645 |
||
| 245 |
_aHANDBOOK ON QUALITY AND PRODUCTIVITY IMPROVEMENT OF CONCRETE / _cN.V.NAYAK. |
||
| 260 |
_aNAROSA ; _c2019. |
||
| 300 | _a1227 P. ; | ||
| 942 |
_2ddc _cBK |
||
| 999 |
_c589780 _d589780 |
||